Conclave Years - Statistics

General Stats
  • This quiz has been taken 42 times
  • The average score is 24 of 63
Answer Stats
Pope Named Year of Conclave % Correct
Benedict XVI 2005
97%
Francis 2013
97%
John Paul II 1978
90%
John Paul I 1978
83%
Pius XII 1939
77%
John XXIII 1958
77%
Paul VI 1963
77%
Benedict XV 1914
73%
Pius XI 1922
73%
Pius X 1903
70%
Leo XIII 1878
63%
Gregory XVI 1830
60%
Pius IX 1846
60%
Pius VII 1799
50%
Leo VII 1823
50%
Pius VIII 1829
50%
Pius VI 1774
47%
Clement XIII 1758
40%
Clement XIV 1769
40%
Innocent XII 1691
37%
Clement XI 1700
37%
Innocent XIII 1721
37%
Benedict XIII 1724
37%
Clement XII 1730
37%
Benedict XIV 1740
37%
Paul V 1605
33%
Clement X 1669
33%
Innocent XI 1676
33%
Alexander VIII 1689
33%
Gregory XIV 1590
30%
Innocent IX 1591
30%
Clement VIII 1592
30%
Leo XI 1605
30%
Gregory XV 1621
30%
Urban VIII 1623
30%
Innocent X 1644
30%
Alexander VII 1655
30%
Clement IX 1667
30%
Alexander VI 1492
27%
Julius II 1503
27%
Pius III 1503
27%
Leo X 1513
27%
Hadrian VI 1521
27%
Sixtus V 1585
27%
Urban VII 1590
27%
Clement VII 1523
23%
Paul III 1534
23%
Paul IV 1555
23%
Pius IV 1559
23%
Pius V 1565
23%
Gregory XIII 1572
23%
Innocent VIII 1484
20%
Julius III 1549
20%
Marcellus II 1555
20%
Innocent VII 1404
13%
Sixtus IV 1471
13%
Gregory XII 1406
10%
Martin V 1417
10%
Eugene IV 1431
10%
Nicholas V 1447
10%
Callistus III 1455
10%
Pius II 1458
10%
Paul II 1464
10%
No matching quizzes found
Score Distribution
Percent of People with Each Score
Percentile by Number Answered
Your Score History
You have not taken this quiz